Guess the marvel character by zoom in - Statistics

General Stats
  • This quiz has been taken 22 times
  • The average score is 5 of 10
Answer Stats
Picture Answer % Correct
scarlet witch
95%
dr. strange
91%
bucky
73%
black panther
64%
wasp
55%
professor x
50%
colossus
41%
america chavez
27%
she hulk
27%
the thing
23%
No matching quizzes found
Score Distribution
Percent of People with Each Score
Percentile by Number Answered
Your Score History
You have not taken this quiz